000 00284nam a22001217a 4500
082 _a823
_bBLY/C
100 _aBLYTON, ENID
245 _aTHE CHILDREN AT GREEN MEADOWS
260 _aLONDON
_bMcMILLAN & CO
_c1968
300 _a160
650 _aENGLISH STORY
_zUNITED KINGDOM
942 _cBK
999 _c7255
_d7255